Statistics for Movies of 2023 by budget

Click here to take the quiz!

General Stats

  • This quiz has been taken 19 times
  • The average score is 4 of 10

Answer Stats

HintAnswer% Correct
274MThe Marvels
74%
340MFast X
58%
300MThe Flash
47%
295MIndiana Jones And The Dial of Destiny
37%
200MKillers of The Flower Moon
37%
215MAquaman And The Lost Kingdom
32%
200MElemental
26%
250MGuardians Of The Galaxy Vol. 3
26%
300MThe Little Mermaid
16%
290MMission Impossible - Dead Reckoning: Part One
11%

Score Distribution

Percentile by Number Answered

Percent of People with Each Score

Your Score History

You have not taken this quiz